00716nam a22002057a 4500003000900000008004100009040007100050082002100121245008800142260003600230300002900266440004200295440001900337650001700356650002000373650002500393650003800418700002700456700002700483AR-CdUCM190312b ||||| |||| 00| 0 spa d aMUNICIPALIDAD PROVINCIAL DEL CUSCOcBIBLIOTECA MUNICIPAL DEL CUSCO a985.009 / bUN53 aHipolito Unanue; Rodriguez de Mendoza /bPercy Cayo Córdova; Oscar Noé Zevallos aLima : bUniversitaria, c1964. a102 páginas ; c19 cm. aBiblioteca hombres del Perún: VIII aPrimera serie. aBiografías aHipolito Unanue aRodriguez de Mendoza aHombres del Perú - Biografías aCayo Córdova, Percy  aZevallos, Oscar Noé